| 000 | 00479cam a2200145 4500 | ||
|---|---|---|---|
| 008 | 090126n 000 0 eng u | ||
| 035 | _a(Sirsi) a163800 | ||
| 050 | _aPN 1992.8 C46 CHI 1999 | ||
| 245 |
_aChildren's television policy: _binternational prospectives No. 93 |
||
| 260 |
_aQueensland: _bMedia international Austrlia, culture and policy, _c1999 |
||
| 300 |
_a208p . : _b ill. |
||
| 650 | _aChildren's Television | ||
| 700 | _aKeys, Wendy | ||
| 710 | _aBuchingham, David | ||
| 999 |
_c112569 _d112569 |
||